Les civilisations anciennes du Proche-Orient /

محفوظ في:

المؤلف الرئيسي: Contenau, G., 1877-1964 (مؤلف)

التنسيق: كتاب

اللغة: French

منشور في: Paris : Presses universitaires de France, 1968.

سلاسل: Que sais-je? ; 185.

الموضوعات:

الوسوم: إضافة وسم

لا توجد وسوم, كن أول من يضع وسما على هذه التسجيلة!

رقم الطلب: CB311 .C76 1968

LEADER 00861nam a2200277I 4500
001 7023
003 OSt
005 20251110145435.0
008 130303s1968 fr b b 000 0 fre d
010 |a af 47000832 
035 |a ocm09227361 
040 |c ARCE Library 
050 4 |a CB311 .C76 1968 
100 1 |a Contenau, G.,   |q (Georges),   |d 1877-1964,   |e author  |9 28260 
245 1 4 |a Les civilisations anciennes du Proche-Orient /  |c par le dr. G. Contenau. 
264 1 |a Paris :  |b Presses universitaires de France,  |c 1968. 
300 |a 128 pages :   |b maps ;   |c 17 cm. 
490 1 |a Que sais-je? ;   |v 185. 
500 |a "1re édition, 15 juillet 1945." 
504 |a Bibliography : pages [125]-126. 
650 0 |a Civilization, Ancient. 
651 0 |a Middle East   |x Civilization. 
830 0 |a Que sais-je? ;  |v 185. 
901 |a reviewed 
942 |c BK  |2 lcc 
999 |c 3915  |d 3915